000 00451nam a2200181Ia 4500
001 20543
005 20260306172813.0
008 260306t1974||||xx |||||||||||||| ||spa||
041 _aESP
082 _a343.4
_bCH557
100 _aChirinos Soto, Enrique
_eAUT
245 0 _aEn dos análisis:
_bgolpe de estado, hábeas corpus
260 _c1974
300 _a96 páginas :
_c19 cm.
650 _aGEN
654 _aCDE
942 _cLIB
_dJUS
_fJUS
_2ddc
_n
999 _c20543
_d20543